000 00489nmm a2200169Ia 4500
008 251105s9999||||xx |||||||||||||||||und||
020 _a9788484893677
041 _aeng
100 _aLipski, John
245 0 _aAfro-Bolivian Spanish
264 _a[Madrid, España] :
_bIberoamericana Vervuert,
_c2008
300 _a228 páginas
490 _aLengua y sociedad en el mundo hispánico
650 _aLexicology
856 _uhttps://public.digitaliapublishing.com/a/21037
942 _cCF
999 _c86590
_d86590